[Event "Bohuslavice rapid op 34th"]
[Site "Bohuslavice"]
[Date "2019.03.30"]
[Round "2"]
[White "Rousar, Zdenek"]
[Black "Zpevak, Pavel"]
[Result "0-1"]
[WhiteElo "1907"]
[BlackElo "2340"]
[PlyCount "147"]
[EventDate "2019.03.30"]
[EventType "swiss (rapid)"]
[EventRounds "9"]
[EventCountry "CZE"]
[SourceTitle "CBM 189 Extra"]
[Source "ChessBase"]
[SourceDate "2019.06.03"]
[SourceVersion "1"]
[SourceVersionDate "2019.06.03"]
[SourceQuality "1"]

1. e4 c5 2. Nf3 e6 3. c3 Nf6 4. e5 Nd5 5. d4 cxd4 6. cxd4 d6 7. exd6 Bxd6 8. Bd3 0-0 9. 0-0 b6 10. Nc3 Nxc3 11. bxc3 Nd7 12. Qe2 Bb7 13. Re1 Qc7 14. Bd2 Rae8 15. h3 Rc8 16. Ng5 Nf6 17. Ne4 Nxe4 18. Bxe4 Bxe4 19. Qxe4 Qc4 20. Re3 Qd5 21. Qxd5 exd5 22. Re2 Rc4 23. a4 Rfc8 24. f3 Kf8 25. Kf2 Re8 26. Rxe8+ Kxe8 27. Ke2 Kd7 28. Kd3 Rc8 29. Rb1 Rc4 30. Ra1 Kc6 31. Ra2 Kb7 32. Kc2 Ka6 33. Kb3 Rc8 34. Be1 Re8 35. Bf2 Bf4 36. c4 dxc4+ 37. Kxc4 Rc8+ 38. Kd3 Bd6 39. Ke4 Bb4 40. d5 Re8+ 41. Kf5 Bd6 42. Bd4 f6 43. h4 Ka5 44. h5 Kb4 45. Rc2 Kb3 46. Rc6 Be5 47. Re6 Rd8 48. Bxe5 Rxd5 49. f4 fxe5 50. fxe5 Kxa4 51. Rd6 Rc5 52. Rd2 a5 53. Ke6 b5 54. Kd6 Rc8 55. Kd7 Rc1 56. e6 Re1 57. e7 b4 58. e8Q Rxe8 59. Kxe8 b3 60. Kf7 Kb4 61. Kxg7 a4 62. Kxh7 a3 63. Kg8 b2 64. Rd1 a2 65. h6 b1Q 66. Rxb1+ axb1Q 67. h7 Qg6+ 68. Kh8 Kc5 69. g4 Qf6+ 70. Kg8 Qg5+ 71. Kh8 Qh6 72. g5 Qe6 73. g6 Qe8+ 74. Kg7 0-1

[Event "CZE-chT2c 0506"]
[Site "Czech Republic"]
[Date "2006.04.09"]
[Round "11.6"]
[White "Rousar, Zdenek"]
[Black "Joukl, Zdenek"]
[Result "0-1"]
[WhiteElo "2034"]
[BlackElo "2127"]
[PlyCount "62"]
[EventDate "2005.10.16"]
[EventType "team"]
[EventRounds "11"]
[EventCountry "CZE"]
[SourceTitle "EXT 2009"]
[Source "ChessBase"]
[SourceDate "2008.11.26"]
[SourceVersion "1"]
[SourceVersionDate "2008.11.26"]
[SourceQuality "1"]
[WhiteTeam "Rychnov nad Kneznou"]
[BlackTeam "Mlada Boleslav"]
[WhiteTeamCountry "CZE"]
[BlackTeamCountry "CZE"]

1. e4 c6 2. d4 d5 3. Nc3 dxe4 4. Nxe4 Nf6 5. Nxf6+ gxf6 6. Nf3 Bg4 7. Be3 e6 8. g3 Nd7 9. Bg2 Qa5+ 10. c3 0-0-0 11. b4 Qb5 12. Qb3 Nb6 13. a4 Qd5 14. Qxd5 cxd5 15. Nd2 Kb8 16. a5 Nc8 17. Bf4+ Bd6 18. Bxd6+ Nxd6 19. f3 Bf5 20. Bf1 Rc8 21. Rc1 Rc7 22. Nb3 b6 23. Kd2 e5 24. Bd3 e4 25. fxe4 Bxe4 26. Rhf1 f5 27. Bxe4 Nxe4+ 28. Ke3 Rhc8 29. Nc5 bxc5 30. dxc5 Re7 31. Kd4 Nd2 0-1

[Event "CZE-chT2c 0506"]
[Site "Czech Republic"]
[Date "2005.10.16"]
[Round "1.6"]
[White "Jiruse, Josef"]
[Black "Rousar, Zdenek"]
[Result "1-0"]
[WhiteElo "2127"]
[BlackElo "2034"]
[PlyCount "57"]
[EventDate "2005.10.16"]
[EventType "team"]
[EventRounds "11"]
[EventCountry "CZE"]
[SourceTitle "EXT 2009"]
[Source "ChessBase"]
[SourceDate "2008.11.26"]
[SourceVersion "1"]
[SourceVersionDate "2008.11.26"]
[SourceQuality "1"]
[WhiteTeam "Hradec Kralove II"]
[BlackTeam "Rychnov nad Kneznou"]
[WhiteTeamCountry "CZE"]
[BlackTeamCountry "CZE"]

1. d4 Nf6 2. Nf3 c5 3. c3 e6 4. g3 b6 5. Bg2 Bb7 6. 0-0 Be7 7. Bg5 0-0 8. Nbd2 d5 9. Ne5 Nbd7 10. Ndf3 Ne4 11. Bxe7 Qxe7 12. Nxd7 Qxd7 13. Ne5 Qe7 14. Bxe4 dxe4 15. Qa4 Rfd8 16. Rad1 Qc7 17. Rd2 f6 18. Ng4 a6 19. Rfd1 h5 20. Ne3 f5 21. dxc5 bxc5 22. Rd7 Rxd7 23. Rxd7 Qc8 24. Nxf5 exf5 25. Qc4+ Kh8 26. Qf7 Qf8 27. Qxh5+ Kg8 28. Rxb7 Rd8 29. Qg5 1-0

[Event "CZE-chT2c 0405"]
[Site "Czech Republic"]
[Date "2005.03.06"]
[Round "9.7"]
[White "Rousar, Zdenek"]
[Black "Husarik, Branko"]
[Result "0-1"]
[WhiteElo "2039"]
[BlackElo "2048"]
[PlyCount "118"]
[EventDate "2004.10.17"]
[EventType "team"]
[EventRounds "11"]
[EventCountry "CZE"]
[SourceTitle "EXT 2007"]
[Source "ChessBase"]
[SourceDate "2006.11.23"]
[SourceVersion "1"]
[SourceVersionDate "2006.11.23"]
[SourceQuality "1"]
[WhiteTeam "Rychnov nad Kneznou"]
[BlackTeam "Lysa nad Labem"]
[WhiteTeamCountry "CZE"]
[BlackTeamCountry "CZE"]

1. e4 e5 2. Nf3 d6 3. d4 Nd7 4. Nc3 c6 5. Be3 Ngf6 6. h3 Be7 7. Bd3 0-0 8. 0-0 Qc7 9. Qd2 Rd8 10. Ne2 Nf8 11. c3 h6 12. Qc2 g5 13. Ng3 Ng6 14. Nf5 Bf8 15. g4 Nf4 16. Bxf4 gxf4 17. g5 hxg5 18. Nxg5 Bxf5 19. exf5 Bh6 20. Kh1 Bxg5 21. Rg1 Nh7 22. f6 Kf8 23. Bxh7 Bxf6 24. Qf5 Ke7 25. Rae1 Rh8 26. dxe5 dxe5 27. Qe4 Qd7 28. Bf5 Qd5 29. f3 Qxe4 30. Rxe4 Bh4 31. Rd1 Rad8 32. Rxd8 Rxd8 33. Bg4 Rd1+ 34. Kg2 Rd2+ 35. Kg1 Kd6 36. Rb4 b5 37. a3 a5 38. Rb3 a4 39. Rb4 Bf2+ 40. Kf1 Bc5 41. Re4 Rxb2 42. Re2 Rxe2 43. Kxe2 Kd5 44. Kd3 Bxa3 45. h4 Bf8 46. Bf5 c5 47. c4+ bxc4+ 48. Kc3 a3 49. Be4+ Kd6 50. Bb1 Ke6 51. Kxc4 e4 52. fxe4 f3 53. Ba2 Ke5 54. Kd3 Kf4 55. Bxf7 f2 56. Ke2 Kxe4 57. Kxf2 Kd3 58. Bg6+ Kc3 59. Bf7 c4 0-1

[Event "CZE-chT2c 0405"]
[Site "Czech Republic"]
[Date "2004.12.19"]
[Round "5.6"]
[White "Rousar, Zdenek"]
[Black "Just, Pavel"]
[Result "1/2-1/2"]
[WhiteElo "2039"]
[BlackElo "2103"]
[PlyCount "84"]
[EventDate "2004.10.17"]
[EventType "team"]
[EventRounds "11"]
[EventCountry "CZE"]
[SourceTitle "EXT 2007"]
[Source "ChessBase"]
[SourceDate "2006.11.23"]
[SourceVersion "1"]
[SourceVersionDate "2006.11.23"]
[SourceQuality "1"]
[WhiteTeam "Rychnov nad Kneznou"]
[BlackTeam "Polabiny"]
[WhiteTeamCountry "CZE"]
[BlackTeamCountry "CZE"]

1. e4 e5 2. Nf3 Nc6 3. Bb5 Nf6 4. 0-0 Nxe4 5. Re1 Nd6 6. Nxe5 Be7 7. Nxc6 dxc6 8. Be2 0-0 9. Nc3 Bf6 10. d3 Bxc3 11. bxc3 Qf6 12. Bb2 Be6 13. Rb1 Qg5 14. c4 Rad8 15. Qc1 Qxc1 16. Bxc1 b6 17. Bf3 Bd7 18. Bf4 Rfe8 19. Kf1 Rc8 20. Rxe8+ Nxe8 21. Ke1 Nd6 22. Kd2 Kf8 23. g4 c5 24. h3 Re8 25. Bd5 Re7 26. Re1 Ba4 27. Rxe7 Kxe7 28. Bg5+ f6 29. Bf4 h6 30. h4 g5 31. hxg5 hxg5 32. Be3 Bd7 33. f3 a5 34. Kc3 Ne8 35. d4 cxd4+ 36. Bxd4 c5 37. Be3 Nc7 38. Be4 Na6 39. Bb7 Nc7 40. Be4 Be6 41. Bf2 Ne8 42. Bg3 Nd6 1/2-1/2

[Event "Chrudim op"]
[Site "Chrudim"]
[Date "2004.07.13"]
[Round "9"]
[White "Mejzlik, Ondrej"]
[Black "Rousar, Zdenek"]
[Result "1-0"]
[WhiteElo "2025"]
[BlackElo "2021"]
[PlyCount "95"]
[EventDate "2004.07.06"]
[EventType "swiss"]
[EventRounds "9"]
[EventCountry "CZE"]
[SourceTitle "EXT 2006"]
[Source "ChessBase"]
[SourceDate "2005.11.24"]
[SourceVersion "1"]
[SourceVersionDate "2005.11.24"]
[SourceQuality "1"]

1. c4 Nf6 2. Nc3 e5 3. e4 c5 4. g3 g6 5. Bg2 Bg7 6. Nge2 0-0 7. 0-0 d6 8. f4 Bg4 9. h3 Bxe2 10. Nxe2 exf4 11. gxf4 Nc6 12. d3 Nh5 13. Bf3 Qh4 14. Bxh5 Qxh5 15. Kg2 Rae8 16. Ng3 Qh4 17. Rb1 h5 18. a3 Nd4 19. Be3 Qe7 20. Bxd4 Bxd4 21. f5 h4 22. Nh1 Qe5 23. Qg4 Bxb2 24. fxg6 fxg6 25. Qxg6+ Kh8 26. Qh6+ Kg8 27. Qxh4 Qg7+ 28. Qg3 Qxg3+ 29. Nxg3 Rxf1 30. Kxf1 Bxa3 31. Ra1 Bb2 32. Rxa7 Be5 33. Nf5 Rb8 34. Ke2 b5 35. Ne7+ Kf8 36. Ng6+ Kg8 37. Nxe5 dxe5 38. cxb5 Rxb5 39. Re7 Rb2+ 40. Ke3 Rh2 41. Rxe5 Rxh3+ 42. Kd2 Kf7 43. Rxc5 Ke6 44. Kc3 Kd6 45. Ra5 Rh1 46. Kd4 Rc1 47. Ra6+ Kd7 48. Kd5 1-0

[Event "Chrudim op"]
[Site "Chrudim"]
[Date "2004.07.07"]
[Round "2"]
[White "Kukacka, Ladislav"]
[Black "Rousar, Zdenek"]
[Result "0-1"]
[WhiteElo "1485"]
[BlackElo "2021"]
[PlyCount "50"]
[EventDate "2004.07.06"]
[EventType "swiss"]
[EventRounds "9"]
[EventCountry "CZE"]
[SourceTitle "EXT 2006"]
[Source "ChessBase"]
[SourceDate "2005.11.24"]
[SourceVersion "1"]
[SourceVersionDate "2005.11.24"]
[SourceQuality "1"]

1. d4 Nf6 2. c4 c5 3. d5 e6 4. Nc3 exd5 5. cxd5 d6 6. e4 g6 7. f4 Bg7 8. Bb5+ Nfd7 9. Nf3 0-0 10. 0-0 a6 11. Be2 b5 12. Qc2 Re8 13. Nd2 Nf6 14. h3 Nbd7 15. b3 b4 16. Na4 Nxd5 17. exd5 Bxa1 18. Nc4 Qe7 19. Bf3 Bd4+ 20. Kh2 Nf6 21. g4 Nxg4+ 22. Kg3 Nh6 23. Bh1 Nf5+ 24. Kf3 Qh4 25. Qh2 Qh5+ 0-1

[Event "CZE-chTV 0102"]
[Site "Czech Republic"]
[Date "2002.??.??"]
[Round "7"]
[White "Rousar, Zdenek"]
[Black "Burdik, Lubomir"]
[Result "0-1"]
[WhiteElo "1924"]
[BlackElo "2175"]
[PlyCount "56"]
[EventDate "2001.??.??"]
[EventType "team"]
[EventRounds "11"]
[EventCountry "CZE"]
[SourceTitle "EXT 2003"]
[Source "ChessBase"]
[SourceDate "2002.11.25"]
[SourceVersion "1"]
[SourceVersionDate "2002.11.25"]
[SourceQuality "1"]
[WhiteTeam "Chrudim II"]
[BlackTeam "Zizkov"]
[WhiteTeamCountry "CZE"]
[BlackTeamCountry "CZE"]

1. e4 d6 2. d4 Nf6 3. Nc3 g6 4. Bd3 Nc6 5. Nge2 Bg7 6. d5 Ne5 7. f4 Nxd3+ 8. Qxd3 c6 9. h3 cxd5 10. Nxd5 Nxd5 11. Qxd5 Qb6 12. c3 0-0 13. Qb3 Qc5 14. Qb4 Qxb4 15. cxb4 Bd7 16. Nc3 Bc6 17. Nd5 Bxd5 18. exd5 Rfc8 19. 0-0 Bd4+ 20. Kh1 Rc2 21. f5 Rac8 22. fxg6 hxg6 23. Bg5 f6 24. Rad1 Bxb2 25. Be3 a6 26. a4 R8c4 27. Rd2 Rxd2 28. Bxd2 Rd4 0-1

[Event "CZE-chTV 0102"]
[Site "Czech Republic"]
[Date "2001.??.??"]
[Round "7"]
[White "Rousar, Zdenek"]
[Black "Smutny, Jan"]
[Result "1/2-1/2"]
[WhiteElo "1924"]
[BlackElo "2139"]
[PlyCount "136"]
[EventDate "2001.??.??"]
[EventType "team"]
[EventRounds "11"]
[EventCountry "CZE"]
[SourceTitle "EXT 2003"]
[Source "ChessBase"]
[SourceDate "2002.11.25"]
[SourceVersion "1"]
[SourceVersionDate "2002.11.25"]
[SourceQuality "1"]
[WhiteTeam "Chrudim II"]
[BlackTeam "Infinity C"]
[WhiteTeamCountry "CZE"]
[BlackTeamCountry "CZE"]

1. e4 e5 2. Nf3 Nc6 3. Bb5 a6 4. Ba4 Be7 5. 0-0 b5 6. Bb3 Nf6 7. Re1 0-0 8. c3 d5 9. exd5 Nxd5 10. Nxe5 Nxe5 11. Rxe5 c6 12. d4 Bd6 13. Re1 Qh4 14. g3 Qh3 15. Qe2 Bg4 16. Qf1 Qh5 17. Be3 f5 18. f4 Rae8 19. Nd2 Kh8 20. Bxd5 cxd5 21. Bf2 g5 22. Qg2 gxf4 23. Qxd5 fxg3 24. hxg3 Qg6 25. Rxe8 Rxe8 26. Re1 Be2 27. Qg2 f4 28. gxf4 Rg8 29. Qxg6 Rxg6+ 30. Kh1 Bg4 31. d5 Bxf4 32. Be3 Bxe3 33. Rxe3 Kg8 34. b3 h5 35. Kh2 h4 36. Ne4 Bf5 37. Nc5 h3 38. Rg3 Rxg3 39. Kxg3 a5 40. Nb7 a4 41. bxa4 bxa4 42. Nc5 Bb1 43. Nxa4 Bxa2 44. Nb6 Kf8 45. c4 Ke7 46. c5 Kd8 47. Kxh3 Kc7 48. d6+ Kc6 49. Kg3 Be6 50. Kf4 Kxc5 51. Ke5 Bh3 52. Nd5 Kc6 53. Nf6 Bc8 54. Ne4 Bh3 55. Ng5 Bg4 56. Ne6 Bh3 57. Nd4+ Kc5 58. Nb3+ Kc6 59. Nd2 Bg4 60. Ne4 Bh3 61. Nf6 Bc8 62. Ne4 Bh3 63. Ng5 Bg4 64. Nf7 Bh3 65. Kf6 Kd7 66. Ke5 Kc6 67. Nd8+ Kd7 68. Nb7 Kc6 1/2-1/2